000 00810cab a22002055a 4500
001 L159055
008 151222e2015 xxk 000 0 eng d
035 _a(Sirsi) u159055
041 0 _aeng
245 0 0 _aRisks associated with empty properties
260 _c2015
490 _aProperty Week
_v82(49) 18 December 2015, 46-48(3)
520 _aHighlights risks associated with empty properties. These include ingress of water, fire, pests, plant and machinery, arson, squatting and business risks such payment of business rates. One of a series of occasional articles with text and questions based on the content of the article suitable for CPD hours.
590 _aKA
650 2 4 _aCPD
650 2 4 _aEMPTY PROPERTIES
651 4 _aUnited Kingdom
_y
690 _aCommercial property
_96227
942 _n0
999 _c84787
_d84787